Extinct languages - Statistics

General Stats
  • This quiz has been taken 191 times
  • The average score is 8 of 14
Answer Stats
Answer Areas spoken Language family Extinct % Correct
Sumerian Mesopotamia Language isolate 2000-1800 BC
79%
Etruscan Northern parts of Italian Peninsula Tyrsenian? ~20 AD
74%
Old Prussian Northern Poland, Kaliningrad Oblast Indo-European 18th century
68%
Akkadian Mesopotamia Afro-Asiatic 8th century BC
66%
Hittite North-central Anatolia Indo-European ~1200 BC
63%
Gaulish France, Benelux, Switzerland, Northern Italy Indo-European 6th century
62%
Gothic Many areas of Europe, survived for the longest in Crimea Indo-European 18th century
61%
Punic Northern Africa, Southern Iberia, Mediterranean Islands Afro-Asiatic ~800 AD
52%
Elamite Southwestern Iran Language isolate ~300 BC
51%
Thracian Eastern Balkans Indo-European? 6th century
51%
Tocharian Northwestern China Indo-European 9th century
46%
Khazar Southwestern Russia Turkic 13th century
31%
Luwian Southern Anatolia, Northern Syria Indo-European 6th century BC
25%
Polabian Northeastern Germany Indo-European 18th century
25%
No matching quizzes found
Score Distribution
Percent of People with Each Score
Percentile by Number Answered
Your Score History
You have not taken this quiz